Gestión y dirección de clínicas dentales (Registro nro. 2080)

Detalles MARC
000 -LEADER
fixed length control field 01798nam a22002537a 4500
003 - CONTROL NUMBER IDENTIFIER
control field OSt
005 - DATE AND TIME OF LATEST TRANSACTION
control field 20260428121158.0
008 - FIXED-LENGTH DATA ELEMENTS--GENERAL INFORMATION
fixed length control field 260428b |||||||| |||| 00| 0 spa d
020 ## - INTERNATIONAL STANDARD BOOK NUMBER
International Standard Book Number 9788418418853
082 ## - DEWEY DECIMAL CLASSIFICATION NUMBER
Edition number 9788418418853
100 ## - MAIN ENTRY--PERSONAL NAME
Personal name María José Borrego Osete
245 ## - TITLE STATEMENT
Title Gestión y dirección de clínicas dentales
250 ## - EDITION STATEMENT
Edition statement 1ra edición
260 ## - PUBLICATION, DISTRIBUTION, ETC.
Place of publication, distribution, etc. Jaén, España
Name of publisher, distributor, etc. Formación Alcalá
Date of publication, distribution, etc. 2021.
300 ## - PHYSICAL DESCRIPTION
Extent 374 pág
Dimensions 17 x 23.5 cm
490 ## - SERIES STATEMENT
Materials specified Rústica /
520 ## - SUMMARY, ETC.
Summary, etc. Este manual especializado tiene como propósito fundamental dotar a los profesionales del sector odontológico de las competencias directivas necesarias para transformar una consulta en una empresa competitiva. El texto aborda de manera integral la planificación estratégica, la gestión financiera y la optimización de los procesos internos para maximizar la rentabilidad del centro. Asimismo, analiza la importancia del marketing sanitario y la fidelización del paciente como ejes vertebradores del éxito institucional. A través de sus capítulos, se examinan las normativas vigentes y los protocolos de calidad que aseguran la excelencia en la prestación de servicios de salud. La obra busca, en última instancia, profesionalizar la administración dental mediante herramientas prácticas de liderazgo y control organizacional. El contenido equilibra el rigor técnico con una visión pragmática adaptada a las exigencias del mercado actual. Por ello, se posiciona como una guía de referencia para titulares de clínicas que deseen mejorar su eficiencia operativa.
610 ## - SUBJECT ADDED ENTRY--CORPORATE NAME
General subdivision Planificación estratégica
650 ## - SUBJECT ADDED ENTRY--TOPICAL TERM
General subdivision Gestión financiera y contable
654 ## - SUBJECT ADDED ENTRY--FACETED TOPICAL TERMS
General subdivision Marketing odontológico
655 ## - INDEX TERM--GENRE/FORM
General subdivision Recursos humanos
700 ## - ADDED ENTRY--PERSONAL NAME
Personal name María José Borrego Osete
942 ## - ADDED ENTRY ELEMENTS (KOHA)
Source of classification or shelving scheme Dewey Decimal Classification
Koha item type Libros
Suppress in OPAC No
Existencias
Withdrawn status Lost status Source of classification or shelving scheme Damaged status Not for loan Collection Home library Current library Shelving location Date acquired Source of acquisition Coded location qualifier Inventory number Total checkouts Full call number Barcode Date last seen Copy number Price effective from Koha item type
    Dewey Decimal Classification     Estantería D Fila 4 Biblioteca Stanford Biblioteca Stanford Biblioteca Cerrada 28.04.2026 odontologia 0784 0784   odontología ODON0784 28.04.2026 1 28.04.2026 Libros
Bienvenido a nuestra Biblioteca